00383nam a2200145Ia 4500008004100000020001500041041001200056082001600068100001300084245007500097260002900172300000800201650001600209700001200225221030s9999 xx 000 0 und d a8176563692 aEnglish a105.23bLot aM. Lotia 0aModern UPS Introduction Torubleshooting & Repaircby M. Lotia, P. Nair bBPB PubaNew Delhic2002 a174 aBE Computer aP. Nair